The New Straits Times annual 1995 : (Record no. 144778)

MARC details
000 -LEADER
fixed length control field 00682nam a2200241 i 4500
001 - CONTROL NUMBER
control field C2-0223694
003 - CONTROL NUMBER IDENTIFIER
control field PPAK
005 - DATE AND TIME OF LATEST TRANSACTION
control field 20180728152450.0
008 - FIXED-LENGTH DATA ELEMENTS--GENERAL INFORMATION
fixed length control field 000229s1995 my a|||| ||||| | eng d
040 ## - CATALOGING SOURCE
Original cataloging agency PPAK
Language of cataloging eng
Transcribing agency PPAK
Description conventions rda
082 04 - DEWEY DECIMAL CLASSIFICATION NUMBER
Classification number 079.595
Edition number 23
090 00 - LOCALLY ASSIGNED LC-TYPE CALL NUMBER (OCLC); LOCAL CALL NUMBER (RLIN)
Classification number (OCLC) (R) ; Classification number, CALL (RLIN) (NR) 079.595
Feature heading HER
Feature heading KWI
Classification number (OCLC) (R) ; Classification number, CALL (RLIN) (NR) 079.595
Feature heading HER
Feature heading R
245 04 - TITLE STATEMENT
Title The New Straits Times annual 1995 :
Remainder of title heritage Malaysia
264 #1 - PRODUCTION, PUBLICATION, DISTRIBUTION, MANUFACTURE, AND COPYRIGHT NOTICE
Place of production, publication, distribution, manufacture Kuala Lumpur :
Name of producer, publisher, distributor, manufacturer Berita ,
Date of production, publication, distribution, manufacture, or copyright notice 1995
300 ## - PHYSICAL DESCRIPTION
Extent 224 pages :
Other physical details colour illustrations ;
Dimensions 29 cm
336 ## - CONTENT TYPE
Source rdacontent
Content type term text
337 ## - MEDIA TYPE
Source rdamedia
Media type term unmediated
338 ## - CARRIER TYPE
Source rdacarrier
Carrier type term volume
500 ## - GENERAL NOTE
General note Annually
650 10 - SUBJECT ADDED ENTRY--TOPICAL TERM
Topical term or geographic name entry element Journalism - Malaysia
942 ## - ADDED ENTRY ELEMENTS (KOHA)
-- dc
Koha item type Book
Holdings
Withdrawn Not for loan Current library Shelving location Date acquired Full call number Barcode Date last seen Koha item type
  Not For Loan Perpustakaan Alor Setar Koleksi Wan Ibrahim 29/02/2000 KWI 079.595 HER A00215988 31/05/2018 Book
  Not For Loan Perpustakaan Alor Setar Rujukan Dewasa 18/10/2005 R 079.595 HER A00316936 31/05/2018 Book
  Not For Loan Perpustakaan Awam Sungai Petani Rujukan Dewasa 23/03/2004 R 079.595 HER A00425166 31/05/2018 Book
  Not For Loan Perpustakaan Jitra Rujukan Dewasa 16/03/2004 R 079.595 HER A00846117 31/05/2018 Book